| 000 | 00718nam a2200241 a 4500 | ||
|---|---|---|---|
| 005 | 20240228064233.0 | ||
| 008 | 160429s2006 es r 000 0 spa d | ||
| 020 | _a8498251303 | ||
| 020 | _a9788498251302 | ||
| 035 | _aUPN01000209946 | ||
| 049 | _aI | ||
| 050 | 4 |
_aQL737 C2.3 _bM6.7 |
|
| 100 | 1 |
_aMontardre, Hélène, _d1954- _936131 |
|
| 245 | 1 | 1 |
_aEl tigre / _cHélène Montardre. |
| 260 |
_aBarcelona, Esp. : _bCombel, _c2006. |
||
| 300 |
_a23 p. : _bil. |
||
| 440 | 1 | _a¿Quién eres? | |
| 534 |
_pTítulo original: _tLe petit tigre |
||
| 650 | 4 |
_aTIGRES - _vLITERATURA JUVENIL _924886 |
|
| 650 | 4 |
_aFELINOS - _vLITERATURA JUVENIL _912503 |
|
| 650 | 4 |
_aLibros y lectura para niños _92290 |
|
| 905 | _aInfantil | ||
| 999 |
_c182047 _d182047 |
||